| 000 | 00665nam a2200193Ia 4500 | ||
|---|---|---|---|
| 008 | 140925s9999 xx 000 0 und d | ||
| 020 | _a1933-3463 | ||
| 100 | _aAnoruo, Emmanuel. | ||
| 245 |
_aAfrican journal of accounting, economics, finance and banking research / _cEmmanuel Anoruo. _h[electronic resource] |
||
| 260 |
_bGLOBAL BUSINESS INVESTMENTS AND PUBLICATIONS LLC, _cc2013. |
||
| 516 | _aElectronic text | ||
| 650 | _aAccountancy. | ||
| 650 | _aBanking Research. | ||
| 650 | _aEconomics. | ||
| 830 | _aGLOBAL BUSINESS INVESTMENTS AND PUBLICATIONS LLC | ||
| 856 | _uhttp://www.globip.com/africanjournal.htm | ||
| 942 | _cEJ | ||
| 999 |
_c275787 _d275787 |
||